000 00804nam a22001937a 4500
003 AM-YeHGA
005 20250617154839.0
008 190118s ||||| |||| 00| 0 rus d
040 _aAM-YeHGA
041 0 _arus
100 1 _aИльштейн, Александр Михайлович
245 1 0 _aЗакономерности проявлений горного давления в лавах пологопадающих пластов каменноугольных месторождений /
_cА.М. Ильштейн.
260 _aМосква :
_bУглетехиздат,
_c1958.
300 _a272 с. :
_bил.
653 0 _aУгольные шахты - Давление горных пород
653 0 _aГорное давление
942 _2udc
_cBK
090 _c423598
999 _c421197
_d421197